ბათუმის შოთა რუსთაველის სახელმწიფო უნივერსიტეტის ბიბლიოთეკა

Мифы народов мира : (ბიბ.ჩანაწერი № 60759)

000 -LEADER
fixed length control field 00679nam a22001697a 4500
005 - DATE AND TIME OF LATEST TRANSACTION
control field 20231019113013.0
008 - FIXED-LENGTH DATA ELEMENTS--GENERAL INFORMATION
fixed length control field 231019s1988 ru ||||| |||| 00| 0 rus d
041 ## - LANGUAGE CODE
Language code of text/sound track or separate title rus
080 ## - UNIVERSAL DECIMAL CLASSIFICATION NUMBER
Universal Decimal Classification number 82-34(031) M-68
245 ## - TITLE STATEMENT
Title Мифы народов мира :
Remainder of title Энциклопедия в 2 томах. Том 2. /
Statement of responsibility, etc. Гл. ред. С.А. Токарев.
250 ## - EDITION STATEMENT
Edition statement изд. 2-е.
264 ## - PRODUCTION, PUBLICATION, DISTRIBUTION, MANUFACTURE, AND COPYRIGHT NOTICE
Place of production, publication, distribution, manufacture М.:
Name of producer, publisher, distributor, manufacturer Советская энциклопедия,
Date of production, publication, distribution, manufacture, or copyright notice 1988.
300 ## - PHYSICAL DESCRIPTION
Extent 719 стр.:
Other physical details ил.;
Dimensions 27 см.
653 ## - INDEX TERM--UNCONTROLLED
keyword მსოფლიოს ხალხების მითები
700 ## - ADDED ENTRY--PERSONAL NAME
Personal name Токарев, С.А.
Relator term მთ. რედაქტორი
9 (RLIN) 20124
942 ## - ADDED ENTRY ELEMENTS (KOHA)
Source of classification or shelving scheme
Koha item type წიგნი
ეგზემპლარები
Withdrawn status Lost status Source of classification or shelving scheme Damaged status Not for loan Permanent Location Current Location Shelving location Date acquired Cost, normal purchase price Full call number Barcode Date last seen Copy number Uniform Resource Identifier Price effective from Koha item type Public note
          ბათუმის შოთა რუსთაველის სახელმწიფო უნივერსიტეტის მთავარი ბიბლიოთეკა ბათუმის შოთა რუსთაველის სახელმწიფო უნივერსიტეტის მთავარი ბიბლიოთეკა წიგნსაცავი 2023-10-19 15.00 82-34(031) M-68 65304 2023-10-19 65304 ბსუ-ს საპატიო დოქტორის გურამ ლორთქიფანიძის საჩუქარი 2023-10-19 წიგნი 15 ლ.